Catàleg del Col·legi de Periodistes de Catalunya

Cómo escribir para la web (Registre núm. 6907)

000 -CABECERA
Longitud fija campo de control 00772nam a22001937a 4500
003 - IDENTIFICADOR DEL NÚMERO DE CONTROL
Identificador del número de control OSt
005 - FECHA Y HORA DE LA ÚLTIMA TRANSACCIÓN
Fecha y hora de la última transacción 20231204141056.0
008 - CÓDIGOS DE INFORMACIÓN DE LONGITUD FIJA
Códigos de información de longitud fija 151217s2008 sp ||||| |||| 00| 0 sp d
040 ## - FUENTE DE LA CATALOGACIÓN
Lengua de catalogación cat
Centro transcriptor CDMR
100 1# - PUNTO DE ACCESO PRINCIPAL-NOMBRE DE PERSONA
9 (RLIN) 4611
Nombre de persona Franco, Guillermo
245 10 - MENCIÓN DE TÍTULO
Título Cómo escribir para la web
Resto del título : Bases para la discusión y construcción de manuales de redacción 'online'
Mención de responsabilidad, etc. Guillermo Franco
Medio [recurs electrònic]
260 ## - PUBLICACIÓN, DISTRIBUCIÓN, ETC. (PIE DE IMPRENTA)
Lugar de publicación, distribución, etc. [Texas]:
Nombre del editor, distribuidor, etc. Knight Foundation,
Fecha de publicación, distribución, etc. [2008].
300 ## - DESCRIPCIÓN FÍSICA
Extensión 221 p.
650 04 - PUNTO DE ACCESO ADICIONAL DE MATERIA - TÉRMINO DE MATERIA
9 (RLIN) 3138
Término de materia o nombre geográfico como elemento inicial Internet
Subdivisión de materia general Art d'escriure
650 04 - PUNTO DE ACCESO ADICIONAL DE MATERIA - TÉRMINO DE MATERIA
9 (RLIN) 3504
Término de materia o nombre geográfico como elemento inicial Comunicació escrita
650 04 - PUNTO DE ACCESO ADICIONAL DE MATERIA - TÉRMINO DE MATERIA
9 (RLIN) 3772
Término de materia o nombre geográfico como elemento inicial Periodisme--Manuals d'estil
856 40 - LOCALIZACIÓN Y ACCESO ELECTRÓNICO
Identificador Uniforme del Recurso (URI) <a href="https://journalismcourses.org/wp-content/uploads/2020/08/How-to-write-for-the-Web-esp.pdf">https://journalismcourses.org/wp-content/uploads/2020/08/How-to-write-for-the-Web-esp.pdf</a>
Texto del enlace Disponible en línia (pdf)
Nota pública (Accés lliure)
942 ## - ENTRADA DE ELEMENTOS AGREGADOS (KOHA)
Fuente de clasificaión o esquema
Koha [por defecto] tipo de item Monografies
Fons
Suprimido Perdido Estropeado No para pr&eacute;stamo Localizaci&oacute;n permanente Localizaci&oacute;n actual Fecha adquisici&oacute;n C&oacute;digo de barras Fecha &uacute;ltima consulta Fecha del precio de reemplazo Tipo de item de Koha
        Centre de Documentació Montserrat Roig Centre de Documentació Montserrat Roig 2015-12-17 CDMR15120012 2015-12-17 2015-12-17 Monografies

Implantat amb Koha